| 000 | 00551nam a2200193 u 4500 | ||
|---|---|---|---|
| 005 | 20230209063830.0 | ||
| 008 | 091124s2004 r 000 0 eng d | ||
| 020 | _a8495948966 | ||
| 035 | _aUPN01000173939 | ||
| 049 | _aCG | ||
| 050 | 4 |
_aBF697.5 S4.6 _bA4.6 |
|
| 100 | 1 | _aAlvarez Romero, Manuel | |
| 245 | 1 | 1 |
_a¿Quieres ser felíz? : _bclaves para mejorar nuestra autoestima / _cManuel Alvarez Romero. |
| 260 |
_aMálaga, Esp. : _bArguval, _c2004. |
||
| 300 | _a115 p. | ||
| 440 | 0 |
_aClaves ; _v4 |
|
| 650 | 4 |
_aAutoestima _92906 |
|
| 905 | _aLibro | ||
| 999 |
_c146043 _d146043 |
||